| 000 | 00341nam a2200121Ia 4500 | ||
|---|---|---|---|
| 008 | 210430s9999 xx 000 0 und d | ||
| 082 | _a621.402 K9211 F | ||
| 100 |
_aFrank Kreith _952895 |
||
| 245 | 4 |
_aThe CRC Handbook of thermal engineering _cFrank Kreith |
|
| 260 |
_aBoca Raton _bCRC Press _c2000 |
||
| 300 | _a1110p. | ||
| 942 |
_cBK _2ddc |
||
| 999 |
_c562399 _d562399 |
||